Modern Concepts of Biophysics (Record no. 357096)

MARC details
000 -LEADER
fixed length control field 00463nam a22001697a 4500
005 - DATE AND TIME OF LATEST TRANSACTION
control field 20240217112652.0
008 - FIXED-LENGTH DATA ELEMENTS--GENERAL INFORMATION
fixed length control field 240214b |||||||| |||| 00| 0 eng d
020 ## - INTERNATIONAL STANDARD BOOK NUMBER
International Standard Book Number 97815-43347-55-5
041 ## - LANGUAGE CODE
Language code of text/sound track or separate title English
082 ## - DEWEY DECIMAL CLASSIFICATION NUMBER
Classification number B 612.015 JAY DB1230
100 ## - MAIN ENTRY--PERSONAL NAME
Author Jayapandiyan & Prakasam Anita
245 ## - TITLE STATEMENT
Title Modern Concepts of Biophysics
260 ## - PUBLICATION, DISTRIBUTION, ETC.
Name of publisher, distributor, etc. Vision Health Sciences Publishers
Place of publication, distribution, etc. Jalandhar
Date of publication, distribution, etc. 2023
300 ## - PHYSICAL DESCRIPTION
Extent 134p
365 ## - TRADE PRICE
Price amount 255.00
942 ## - ADDED ENTRY ELEMENTS (KOHA)
Koha item type Donated Book
Holdings
Withdrawn status Lost status Source of classification or shelving scheme Damaged status Not for loan Home library Current library Date acquired Net Price Bill number Total Checkouts Full call number Barcode Date last seen Bill Date Koha item type Original Barcode
    Dewey Decimal Classification     Smt. Bakul Tambat Institute of Nursing Education Smt. Bakul Tambat Institute of Nursing Education 13/02/2024 255.00 68   B 612.015 JAY DB1230 BTIN-DB-1230 14/02/2024 14/02/2024 Donated Book DB1230